000 00637nam a2200241Ia 4500
003 OSt
005 20220918204114.0
006 a|||||r|||| 00| 0
007 ta
008 220917b |||||||| |||| 00| 0 eng d
024 _a111,030
037 _cTextual
040 _aARTS
_cARTS
_beng
041 _2eng
_aeng
082 _aV495:19(zM).N53, K4
100 _aRees David
_997703
245 0 _aKorea
_b Limited war
260 _aDehradun
_bNatraj Publishers
_c1964
300 _ax, 511p. illus
_ccm.
650 _aHISTORY
942 _hV495:19(zM).N53, K4
_cTEXL
_2CC
999 _c234379
_d234379